000 00374nam a2200133Ia 4500
008 191206s9999 xx 000 0 und d
020 _a9780195177787 (cloth
090 _aPR4167J3
245 0 _aCharlotte Brontë's Jane Eyre: a casebook
260 _aOxford University Press
260 _ccc2006
300 _a"viii, 212 p. ; 22 cm."
999 _c15661
_d15661